000 00592nam a22002057a 4500
005 20250709142429.0
010 _aENG-145892
020 _c450.00
_a9789395368995
035 _aEN-129424
037 _bDBAD
082 _a000
100 _aSarma, O. A.
_982844
245 _aWord Games Quiz/
_cO. A. Sarma
250 _a1
260 _aHyderabad
_bNeelkamal Publications Pvt. Ltd.
_c2024
270 _bHyderabad
_aSultan Bazar, Koti, Hyderabad
_e500001
_k040-24757140
_k+91 9811828953
300 _a109 p.
_c21.8 cm(hb)
700 _982838
942 _2ddc
_cEN
_h000
_mSAR
999 _c212280
_d212280